000 01862nam a2200289 a 4500
001 BRCA_5269
005 20190320205018.0
008 011210s1864----mx-######v---#000-0#spa-#
041 _aspa
044 _amx
084 _aDOC137
_b.G66
_c1864
100 1 _aGonzález, Elgüero
_913497
245 1 0 _aDocumento que habla sobre el anexo de varias tierras de la jurisdicción de Chalco, con informes y fechas.
_cElgüero González.
260 _aMéxico
_c1864
300 _a[596] fojas
_b1 mapa
_c31 x 23 cm.
500 _aPosesión Judicial de la Hacienda de la Compañia ubicada en la Jurisdicción de Chalco de la propiedad de los señores Elgüero González y Compañia. El expediente es muy importante, esta divido en dos partes, la primera trata del litigio judicial y posesión de la Hacienda de la Compañia a mediados del siglo XIX, y la segunda presenta varios documentos muy interesantes de los siglos XVI, XVII y XVIII a través de los cuales puede estudiarse la concesión de la propiedad mediante las mercedes reales.
500 _aAl márgen inscripción que dice: ´MINISTERIO DE JUSTICIA E INSTRUCCIÓN PUBLICA´ y sello con el escudo nacional y lema: ´SELLO SEGUNDO. CUATRO PESOS. AÑOS DE MIL OCHOCIENTOS CUARENTA Y MIL OCHOCIENTOS CUARENTA Y TRES´.
500 _aEl documento contiene la leyenda DOC. #305.
500 _aEstado de conservación: contiene manchas por acidez. márgenes deteriorados y algunas fojas se estan desprendiendo.
506 0 _aFondo Reservado. Para su consulta es necesario credencial de usuario y carta de motivos.
546 _aTexto en: español de mediados del siglo XIX.
600 1 4 _aGonzález, Elgüero
_xHistoria
_913498
650 1 4 _aDocumentos legales
_vManuscritos
_xHistoria
_912814
651 4 _aMéxico
_xHistoria
_yConstitución y reforma, 1855-1863
_913499
902 _aFDH
942 _2lcc
_cD
999 _c4963
_d4963